Prověřte si své matematické nadání

Saved in:
Bibliographic Details
Format: Book
Language:Czech
Published: Praha Státní nakladatelství technické literatury 1988
Series:Polytechnická knižnice
Tags: Add Tag
No Tags, Be the first to tag this record!

MARC

LEADER 00000nam a2200000 4500
001 c028437
005 20260327082108.7
041 0 |a cze 
044 |a CZ 
245 1 0 |a Prověřte si své matematické nadání  |c Ladislav Beran, Ivana Ondráčková 
264 1 |a Praha  |b Státní nakladatelství technické literatury  |c 1988 
300 |a 159 s. 
490 1 |a Polytechnická knižnice 
830 0 |a Polytechnická knižnice